000 00565nam a2200229Ia 4500
001 21648
003 GE_BSU
008 181216s||||||||xx |||||||||||||| ||und||
020 _a9783589220489
040 _cGE_BSU
080 _a811.112
100 _aBeste, Gisela., Bremerich-Vos, A.; Boogaart, M. K.
245 _aWissensspeicher Deutsch
260 _aBerlin
260 _bCornelsen
260 _c2004
300 _a416p. 22cm.
541 _h12 Gel.
653 _aWissensspeicher Deutsch
653 _aგერმანული ენა
942 _cBK
999 _c54582
_d54582